Japan subdivisions - Map Quiz - Statistics

General Stats
  • This quiz has been taken 10 times
  • The average score is 9 of 15
Answers on the Map
Answers color-coded by a green-red scale on the quiz's map according to % correct below.
 
Answer Stats
Answer % Correct
Hokkaido
100%
Akita
67%
Aomori
67%
Chiba
67%
Fukushima
67%
Hiroshima
67%
Aichi
50%
Ehime
50%
Fukui
50%
Fukuoka
50%
Gifu
50%
Gunma
50%
Hyogo
50%
Ibaraki
50%
Ishikawa
50%
No matching quizzes found
Score Distribution
Percent of People with Each Score
Percentile by Number Answered
Your Score History
You have not taken this quiz